[Event "World Senior Teams +65"]
[Site "Radebeul GER"]
[Date "2016.06.29"]
[Round "4.12"]
[Board "1"]
[White "Haase, Wolfgang"]
[Black "Pamperin, Gerhard"]
[Result "1-0"]
[WhiteElo "2144"]
[BlackElo "1936"]
[WhiteTeam "Hessen 2"]
[BlackTeam "Rochade MV"]
[WhiteFideId "4627440"]
[BlackFideId "24651354"]
[EventDate "2016.06.26"]

1. Nf3 d5 2. d4 Nf6 3. Bf4 e6 4. e3 c5 5. c3 Nc6 6. Bd3 Bd7 7. Nbd2 Be7 8. h3
Rc8 9. O-O O-O 10. dxc5 Bxc5 11. e4 dxe4 12. Nxe4 Be7 13. Qe2 Qa5 14. Rfd1 Rfd8
15. b4 Qb6 16. Nd6 Bxd6 17. Bxd6 Be8 18. Bg3 Ne7 19. c4 Bc6 20. a3 Bxf3 21. Qxf3
Ng6 22. Ra2 Rd7 23. Rad2 Qd8 24. Qe3 a6 25. h4 Qe7 26. Qg5 h6 27. Qe3 Nf8 28.
Bf4 Rcd8 29. Qe2 N8h7 30. g4 g5 31. Be3 Qe8 32. Bb6 Rc8 33. Qf3 Kg7 34. h5 Nf8
35. Qe2 Rc6 36. Bc5 Qd8 37. Bc2 Rxd2 38. Rxd2 Qb8 39. Ba4 Rc8 40. Bd6 Qa8 41.
Be5 Rd8 42. Qf3 Nh7 43. Qc3 Rxd2 44. Qxd2 Kg8 45. Qd4 Ne8 46. Bc2 Qc8 47. Be4
Nf8 48. c5 Nd7 49. Bg3 Ndf6 50. Bg2 e5 51. Bxe5 Qxg4 52. Bxf6 Nxf6 53. Qxg4 1-0

[Event "World Senior Teams +65"]
[Site "Radebeul GER"]
[Date "2016.06.29"]
[Round "4.12"]
[Board "2"]
[White "Jung, Werner"]
[Black "Benninger, Rudolf"]
[Result "1/2-1/2"]
[WhiteElo "1973"]
[BlackElo "2099"]
[WhiteTeam "Rochade MV"]
[BlackTeam "Hessen 2"]
[WhiteFideId "24669458"]
[BlackFideId "4699564"]
[EventDate "2016.06.26"]

1. e4 g6 2. d4 Bg7 3. Nc3 c5 4. Be3 cxd4 5. Bxd4 Nf6 6. f3 Nc6 7. Be3 d6 8. Qd2
Be6 9. Nge2 Bc4 10. Nd4 Bxf1 11. Rxf1 Ne5 12. b3 Qa5 13. Ncb5 Qxd2+ 14. Kxd2 Kd7
15. c4 Rhc8 16. Nc3 Nc6 17. Rfd1 Nxe4+ 18. Nxe4 Nxd4 19. Rac1 Nf5 20. Bf4 Nh4
21. Rg1 Bd4 22. Be3 Bxe3+ 23. Kxe3 Nf5+ 24. Kd3 h5 25. Rc2 b6 26. Re2 Ng7 27.
Ng5 Rf8 28. Rge1 Rae8 29. Nh7 Rh8 30. Ng5 f6 31. Ne6 Nxe6 32. Rxe6 g5 33. R1e2
Rh7 34. b4 a5 35. c5 bxc5 36. bxc5 dxc5 37. Ra6 Rc8 38. Kc4 e5 39. Rxa5 Ke6 40.
Rxc5 Rhc7 41. Rxc7 Rxc7+ 42. Kb5 Rc1 43. a4 Rb1+ 44. Kc6 Rc1+ 45. Kb6 Rb1+ 46.
Kc6 Rc1+ 47. Kb6 Rb1+ 48. Kc6 1/2-1/2

[Event "World Senior Teams +65"]
[Site "Radebeul GER"]
[Date "2016.06.29"]
[Round "4.12"]
[Board "3"]
[White "Niebling, Ferdinand"]
[Black "Krieg, Peter"]
[Result "1/2-1/2"]
[WhiteElo "2132"]
[BlackElo "1908"]
[WhiteTeam "Hessen 2"]
[BlackTeam "Rochade MV"]
[WhiteFideId "4638425"]
[BlackFideId "24689394"]
[EventDate "2016.06.26"]

1. e4 e5 2. Nf3 d6 3. d4 exd4 4. Nxd4 Nf6 5. Nc3 Be7 6. Bc4 O-O 7. O-O Bg4 8. f3
Bh5 9. Nf5 Bg6 10. Ng3 c6 11. Be3 Nbd7 12. Qd2 Nb6 13. Be2 d5 14. e5 Nh5 15.
Nxh5 Bxh5 16. g4 Bg6 17. f4 f5 18. g5 c5 19. Nd1 d4 20. Bf2 Bf7 1/2-1/2

[Event "World Senior Teams +65"]
[Site "Radebeul GER"]
[Date "2016.06.29"]
[Round "4.12"]
[Board "4"]
[White "Kundt, Guenther"]
[Black "Falk, Thomas"]
[Result "1/2-1/2"]
[WhiteElo "1717"]
[BlackElo "2094"]
[WhiteTeam "Rochade MV"]
[BlackTeam "Hessen 2"]
[WhiteFideId "12975346"]
[BlackFideId "4634624"]
[EventDate "2016.06.26"]

1. d4 d5 2. c4 dxc4 3. e4 c5 4. Nf3 e6 5. Bxc4 cxd4 6. Qxd4 Bb4+ 7. Bd2 Bxd2+ 8.
Nbxd2 Qxd4 9. Nxd4 a6 10. a4 Bd7 11. O-O Nc6 12. Nxc6 Bxc6 13. f3 Rc8 14. a5 Ne7
15. Rfd1 O-O 16. Nb3 Bxe4 17. Bxe6 fxe6 18. fxe4 Nc6 19. Rd6 1/2-1/2

[Event "World Senior Teams +65"]
[Site "Radebeul GER"]
[Date "2016.06.29"]
[Round "4.13"]
[Board "1"]
[White "Opl, Klaus1"]
[Black "Schmidt, Gerhard3"]
[Result "1-0"]
[WhiteTitle "FM"]
[WhiteElo "2230"]
[BlackElo "2077"]
[WhiteTeam "Wien 1"]
[BlackTeam "Saxone"]
[WhiteFideId "1600672"]
[BlackFideId "12962260"]
[EventDate "2016.06.26"]

1. e4 c5 2. Nf3 d6 3. d4 cxd4 4. Nxd4 Nf6 5. Nc3 g6 6. Be3 Bg7 7. Be2 O-O 8. Nb3
Nc6 9. O-O Be6 10. f4 Qc8 11. Qe1 d5 12. e5 Ne4 13. Nxe4 dxe4 14. Nc5 Bf5 15. c3
b6 16. Nb3 f6 17. exf6 exf6 18. Rd1 Rd8 19. Rxd8+ Nxd8 20. Nd4 Bd7 21. f5 g5 22.
h4 h6 23. Qg3 Nf7 24. Bd1 Qb8 25. Qg4 Qe5 26. Bb3 Re8 27. Qh5 Re7 28. hxg5 hxg5
29. Bxg5 fxg5 30. f6 Qxf6 31. Rxf6 Bxf6 32. Qg6+ Bg7 33. Ne2 e3 34. Qxg5 Kf8 35.
Qh5 Ne5 36. Qh7 Nf7 37. Nf4 e2 38. Ng6+ 1-0

[Event "World Senior Teams +65"]
[Site "Radebeul GER"]
[Date "2016.06.29"]
[Round "4.13"]
[Board "2"]
[White "Roos, Hans-Goerg"]
[Black "Dueckstein, Andreas"]
[Result "1/2-1/2"]
[BlackTitle "IM"]
[WhiteElo "1948"]
[BlackElo "2084"]
[WhiteTeam "Saxone"]
[BlackTeam "Wien 1"]
[WhiteFideId "4689496"]
[BlackFideId "1600168"]
[EventDate "2016.06.26"]

1. Nf3 d5 2. g3 c5 3. Bg2 Nc6 4. d3 Nf6 5. O-O g6 6. Nbd2 Bg7 7. e4 dxe4 8. dxe4
O-O 9. c3 e5 10. Qc2 Qe7 11. a4 b6 12. Re1 Ba6 13. Bf1 Bxf1 14. Nxf1 h6 15. Ne3
Rfd8 16. Bd2 Qe6 17. Kg2 Rac8 18. Rad1 Nd4 19. Nxd4 cxd4 20. Nf1 d3 21. Qb1 Qc6
22. f3 Qxa4 23. Re3 Rd7 24. Be1 Rcd8 25. Rexd3 Qxd1 26. Qxd1 Rxd3 27. Qa4 Rd1
28. Bf2 R8d2 29. Qb5 Rb1 30. b4 Rdd1 31. Ne3 Rd2 32. Nc4 Rc2 33. Nxe5 Rbb2 34.
Nd3 Rd2 35. Kf1 1/2-1/2

[Event "World Senior Teams +65"]
[Site "Radebeul GER"]
[Date "2016.06.29"]
[Round "4.13"]
[Board "3"]
[White "Strobel, Ferdinand"]
[Black "Goerden, Hans-Juergen"]
[Result "1/2-1/2"]
[WhiteTitle "FM"]
[WhiteElo "2037"]
[BlackElo "1821"]
[WhiteTeam "Wien 1"]
[BlackTeam "Saxone"]
[WhiteFideId "1600290"]
[BlackFideId "12911216"]
[EventDate "2016.06.26"]

1. f4 Nf6 2. Nf3 d5 3. e3 g6 4. d4 Bg7 5. Bd3 O-O 6. Nbd2 Bg4 7. O-O Qd6 8. h3
Be6 9. Ng5 Bd7 10. Qe1 c5 11. c3 cxd4 12. cxd4 Nc6 13. Nb3 Rac8 14. Bd2 b6 15.
Nf3 1/2-1/2

[Event "World Senior Teams +65"]
[Site "Radebeul GER"]
[Date "2016.06.29"]
[Round "4.13"]
[Board "4"]
[White "Zanger, Konrad"]
[Black "Teichmeister, Sven"]
[Result "1/2-1/2"]
[WhiteElo "1777"]
[BlackElo "2005"]
[WhiteTeam "Saxone"]
[BlackTeam "Wien 1"]
[WhiteFideId "24615722"]
[BlackFideId "1614797"]
[EventDate "2016.06.26"]

1. d4 Nf6 2. Nf3 e6 3. e3 c5 4. c3 Be7 5. Be2 O-O 6. O-O b6 7. Nbd2 Bb7 8. b3 d6
9. Bb2 Nbd7 10. Qc2 Rc8 11. c4 cxd4 12. Nxd4 d5 13. Qd1 Nc5 14. N4f3 dxc4 15.
Nxc4 Nfe4 16. Bd4 Bf6 17. Rc1 Qe7 18. Bxf6 Qxf6 19. Qd4 1/2-1/2

[Event "World Senior Teams +65"]
[Site "Radebeul GER"]
[Date "2016.06.29"]
[Round "4.14"]
[Board "2"]
[White "Bondick, Karl-Heinz"]
[Black "Byrne, Ray"]
[Result "1-0"]
[WhiteElo "2055"]
[BlackElo "1987"]
[WhiteTeam "Sachsen-Anhalt"]
[BlackTeam "Ireland"]
[WhiteFideId "4692071"]
[BlackFideId "2500922"]
[EventDate "2016.06.26"]

1. d4 Nf6 2. f3 d5 3. e4 e6 4. Be3 Be7 5. Bb5+ c6 6. Bd3 b6 7. Ne2 Ba6 8. e5
Nfd7 9. O-O Bxd3 10. Qxd3 c5 11. c3 Nc6 12. a3 Rc8 13. Nd2 O-O 14. f4 f5 15.
exf6 Nxf6 16. h3 Bd6 17. g4 Rc7 18. Rf2 Rcf7 19. Raf1 Qc7 20. dxc5 bxc5 21. b4
Nd7 22. Nf3 Ne7 23. Ng5 Nf6 24. Nxe6 Qc8 25. Nxf8 Rxf8 26. bxc5 Bxc5 27. Ng3 Re8
28. Re2 Ng6 29. Bxc5 Qxc5+ 30. Qd4 Qc8 31. Rxe8+ Qxe8 32. g5 1-0

[Event "World Senior Teams +65"]
[Site "Radebeul GER"]
[Date "2016.06.29"]
[Round "4.14"]
[Board "3"]
[White "Daly, Patrick"]
[Black "Bocionek, Dieter"]
[Result "0-1"]
[WhiteElo "1912"]
[BlackElo "1956"]
[WhiteTeam "Ireland"]
[BlackTeam "Sachsen-Anhalt"]
[WhiteFideId "2503131"]
[BlackFideId "12944106"]
[EventDate "2016.06.26"]

1. d4 d5 2. Nf3 c6 3. c3 Nf6 4. Bg5 Nbd7 5. e3 h6 6. Bh4 Ne4 7. Bd3 Ndf6 8. Ne5
Qc7 9. f3 Nd6 10. Qc2 c5 11. Qa4+ Bd7 12. Nxd7 Qxd7 13. Qxd7+ Nxd7 14. O-O e6
15. Nd2 c4 16. Bc2 Be7 17. Bxe7 Kxe7 18. e4 b5 19. exd5 exd5 20. Rfe1+ Kf6 21.
Nf1 Nb6 22. Re5 Rhe8 23. Rae1 g6 24. Ne3 Kg7 25. Kf2 Rxe5 26. dxe5 Ndc8 27. Rd1
Ne7 28. f4 Rd8 29. g4 Nc6 30. h4 a5 31. Bb1 d4 32. cxd4 Rxd4 33. Rxd4 Nxd4 34.
Nd1 Nd5 35. f5 gxf5 36. gxf5 b4 37. Ne3 Nb6 38. f6+ Kf8 39. Nf5 Nc6 40. Nxh6
Nxe5 41. Ke3 Ned7 42. Ng4 c3 43. bxc3 Nd5+ 44. Kd2 Nxc3 45. Bf5 Nc5 46. a3 Nb3+
47. Kd3 bxa3 48. Ne3 Nd5 49. Nc2 Nb4+ 50. Kc3 Nxc2 51. Kxb3 Nd4+ 52. Kxa3 Nxf5
53. h5 Nh6 54. Ka4 Ng8 55. Kxa5 Nxf6 56. Kb4 Nxh5 57. Kc4 Ke7 58. Kd4 Ke6 59.
Ke4 f5+ 60. Kf3 Ke5 61. Kf2 Ke4 62. Kg2 Ke3 63. Kf1 f4 64. Ke1 Ng3 0-1

[Event "World Senior Teams +65"]
[Site "Radebeul GER"]
[Date "2016.06.29"]
[Round "4.14"]
[Board "4"]
[White "Ruemmler, Roland"]
[Black "Murray, Jim G."]
[Result "1-0"]
[WhiteElo "1952"]
[BlackElo "1834"]
[WhiteTeam "Sachsen-Anhalt"]
[BlackTeam "Ireland"]
[WhiteFideId "4636180"]
[BlackFideId "2501490"]
[EventDate "2016.06.26"]

1. d4 e6 2. Nf3 f5 3. g3 Nf6 4. Bg2 d5 5. Ne5 Nbd7 6. c4 c6 7. b3 Bd6 8. Nd3 Qe7
9. Bb2 O-O 10. O-O Ne4 11. Nd2 Nxd2 12. Qxd2 Nf6 13. f3 Qf7 14. e4 Be7 15. Ne5
Qh5 16. cxd5 cxd5 17. exd5 exd5 18. Rac1 Bd6 19. Bc3 Re8 20. Rfe1 Nd7 21. Re3 f4
22. Re2 Nb6 23. a4 Be6 24. Qxf4 Rf8 25. Qd2 Rae8 26. Rce1 Nd7 27. Bb4 Bxb4 28.
Qxb4 Nxe5 29. Rxe5 Qf7 30. f4 Qd7 31. Qb5 Qc8 32. Bxd5 Rf6 33. f5 1-0

[Event "World Senior Teams +65"]
[Site "Radebeul GER"]
[Date "2016.06.29"]
[Round "4.15"]
[Board "1"]
[White "Burda, Walter"]
[Black "Kolbak, Jens"]
[Result "1/2-1/2"]
[WhiteElo "2062"]
[BlackElo "2178"]
[WhiteTeam "SV Dresden-Striesen 1990 e.V."]
[BlackTeam "Denmark"]
[WhiteFideId "16203321"]
[BlackFideId "1400339"]
[EventDate "2016.06.26"]

1. e4 e5 2. Nf3 Nc6 3. Bb5 a6 4. Ba4 Nf6 5. O-O Nxe4 6. Re1 Nc5 7. Nxe5 Be7 8.
Bb3 Nxe5 9. Rxe5 Nxb3 10. axb3 O-O 11. d4 Bf6 12. Re1 d5 13. Bf4 Bf5 14. c3 Qd7
15. Nd2 Rfe8 16. Qf3 c6 17. b4 Bc2 18. Qg3 Qf5 19. Nf3 Re4 20. Rxe4 dxe4 21. Ne5
Bxe5 22. Bxe5 f6 23. Bf4 1/2-1/2

[Event "World Senior Teams +65"]
[Site "Radebeul GER"]
[Date "2016.06.29"]
[Round "4.15"]
[Board "2"]
[White "Olesen, Poul Erik Norgaard"]
[Black "Groschup, Gerhard"]
[Result "1-0"]
[WhiteElo "2020"]
[BlackElo "1999"]
[WhiteTeam "Denmark"]
[BlackTeam "SV Dresden-Striesen 1990 e.V."]
[WhiteFideId "1404253"]
[BlackFideId "24679747"]
[EventDate "2016.06.26"]

1. e4 e6 2. d4 d5 3. Nc3 Bb4 4. Bd2 dxe4 5. Qg4 Qxd4 6. O-O-O h5 7. Qe2 Qb6 8.
Be3 Bc5 9. Qb5+ Qxb5 10. Bxb5+ c6 11. Bxc5 cxb5 12. Nxb5 Na6 13. Nd6+ Ke7 14.
Nxc8+ Kf6 15. Bd4+ e5 16. Nd6 exd4 17. Nxe4+ Ke5 18. Ng3 g6 19. Nf3+ Kf6 20.
Rxd4 Nh6 21. Rhd1 Nc5 22. h3 Rhe8 23. Re1 Rab8 24. Rd5 b6 25. Rxe8 Rxe8 26. Kd2
Ng8 27. b4 Ne6 28. Rd7 Re7 29. Ne4+ Kg7 30. Rxe7 Nxe7 31. g3 Nd5 32. a3 b5 33.
Nd6 Ndc7 34. c4 a6 35. Kc3 Kf6 36. cxb5 axb5 37. Nd4 Nxd4 38. Kxd4 Ke7 39. Ne4
f5 40. Nc3 Kd6 41. a4 bxa4 42. Nxa4 Nb5+ 43. Kd3 Kc6 44. Nc3 Nc7 45. Kd4 Kd6 46.
Kc4 Ne6 47. Nb5+ Ke5 48. Nc3 f4 49. b5 Kd6 50. Ne4+ Ke5 51. Nc5 Nd8 52. Nd3+ 1-0

[Event "World Senior Teams +65"]
[Site "Radebeul GER"]
[Date "2016.06.29"]
[Round "4.15"]
[Board "3"]
[White "Deppe, Christian"]
[Black "Jorgensen, Arne Bjorn"]
[Result "1/2-1/2"]
[WhiteElo "1850"]
[BlackElo "1955"]
[WhiteTeam "SV Dresden-Striesen 1990 e.V."]
[BlackTeam "Denmark"]
[WhiteFideId "12911224"]
[BlackFideId "1406680"]
[EventDate "2016.06.26"]

1. f4 d5 2. Nf3 c5 3. e3 Nc6 4. Bb5 Bd7 5. b3 Nf6 6. Bb2 e6 7. Bxc6 Bxc6 8. Ne5
Rc8 9. O-O Be7 10. d3 O-O 11. Nxc6 Rxc6 12. Nd2 b5 13. a4 a6 14. Qe2 Rc8 15. Kh1
g6 16. e4 d4 17. g4 Re8 18. Rg1 Bf8 19. Nf3 Bg7 20. Ne5 Nd7 21. Nxd7 Qxd7 22. h4
c4 23. axb5 axb5 24. h5 cxd3 25. Qxd3 Qc7 26. hxg6 hxg6 27. e5 Qxc2 28. Qxc2
Rxc2 29. Bxd4 Rd8 30. Bb6 Rdc8 31. Rg3 Bf8 32. Rd1 1/2-1/2

[Event "World Senior Teams +65"]
[Site "Radebeul GER"]
[Date "2016.06.29"]
[Round "4.16"]
[Board "1"]
[White "Rosen, Willy"]
[Black "Rychlik, Kurt"]
[Result "1-0"]
[WhiteTitle "FM"]
[WhiteElo "2266"]
[BlackElo "2023"]
[WhiteTeam "Sportfreunde Katernberg"]
[BlackTeam "Surprise"]
[WhiteFideId "4605535"]
[BlackFideId "4694120"]
[EventDate "2016.06.26"]

1. e4 g6 2. d4 d6 3. Nc3 Bg7 4. Be3 a6 5. a4 b6 6. Qd2 Nd7 7. Bc4 c5 8. Nf3 h6
9. O-O Qc7 10. dxc5 Bb7 11. Nd5 Qc8 12. e5 e6 13. Nf6+ Bxf6 14. exf6 d5 15. c6
Qxc6 16. Bb3 Ngxf6 17. Bxh6 Ne4 18. Qc1 O-O-O 19. Bf4 Rh5 20. c4 Ndc5 21. cxd5
exd5 22. Bc2 d4 23. Bxe4 Nxe4 24. Ne5 Qc5 25. Nxf7 Rdd5 26. f3 Nf6 27. Nd6+ Rxd6
28. Bxd6 Qc6 29. Re1 Rd5 30. Re6 Kd7 31. Qxc6+ Bxc6 32. Rxf6 Rxd6 33. Rxd6+ Kxd6
34. Kf2 Kd5 35. h4 Bd7 36. g4 Kc4 37. h5 gxh5 38. gxh5 Bf5 39. Rc1+ Kb4 40. Rc6
b5 41. axb5 axb5 42. h6 Kb3 43. Rc5 Bd3 44. Rxb5+ Bxb5 45. h7 Kxb2 46. h8=Q Kc3
47. Qe5 Kc4 48. f4 d3 49. Ke3 1-0

[Event "World Senior Teams +65"]
[Site "Radebeul GER"]
[Date "2016.06.29"]
[Round "4.16"]
[Board "2"]
[White "Ophoff, Rigobert"]
[Black "Hassenrueck, Helmut"]
[Result "0-1"]
[WhiteElo "1981"]
[BlackElo "2231"]
[WhiteTeam "Surprise"]
[BlackTeam "Sportfreunde Katernberg"]
[WhiteFideId "4679750"]
[BlackFideId "4670302"]
[EventDate "2016.06.26"]

1. d4 Nf6 2. c4 e6 3. Nf3 c5 4. Nc3 cxd4 5. Nxd4 Bb4 6. Qc2 Nc6 7. Nxc6 bxc6 8.
e3 O-O 9. Bd3 d5 10. cxd5 cxd5 11. O-O Bb7 12. a3 Bd6 13. Qe2 e5 14. Bd2 Qe7 15.
Ba6 Rfb8 16. Bxb7 Qxb7 17. Rfb1 d4 18. exd4 exd4 19. Nd1 Re8 20. Qd3 Qd5 21. f3
Rab8 22. b4 Qe5 23. g3 Qe2 24. Rb3 Rbc8 25. Rc1 Rxc1 26. Bxc1 Qe1+ 27. Kg2 Re2+ 0-1

[Event "World Senior Teams +65"]
[Site "Radebeul GER"]
[Date "2016.06.29"]
[Round "4.16"]
[Board "3"]
[White "Krueger, Erich"]
[Black "Wittkugel, Friedhelm"]
[Result "1-0"]
[WhiteElo "2198"]
[BlackElo "1993"]
[WhiteTeam "Sportfreunde Katernberg"]
[BlackTeam "Surprise"]
[WhiteFideId "4624718"]
[BlackFideId "24606162"]
[EventDate "2016.06.26"]

1. d4 d5 2. c4 e6 3. Nc3 Nf6 4. cxd5 exd5 5. Bg5 Be7 6. e3 c6 7. Qc2 h6 8. Bh4
Ne4 9. Bxe7 Qxe7 10. Nxd5 cxd5 11. Qxc8+ Qd8 12. Qxd8+ Kxd8 13. Nf3 Nc6 14. Rc1
Rc8 15. Bb5 Nb4 16. Rxc8+ Kxc8 17. a3 Nd6 18. Be2 Nc6 19. O-O f6 20. Rc1 Kb8 21.
Nd2 Re8 22. Nb3 a5 23. Bf3 Ne7 24. Rc5 Nc4 25. Bxd5 Nxb2 26. Be4 Na4 27. Rc2 Nb6
28. Nc5 Ned5 29. Rb2 Re7 30. Bxd5 1-0

[Event "World Senior Teams +65"]
[Site "Radebeul GER"]
[Date "2016.06.29"]
[Round "4.16"]
[Board "4"]
[White "Perk, Egbert"]
[Black "Mueller-Clostermann, Bruno"]
[Result "1/2-1/2"]
[WhiteElo "1949"]
[BlackElo "2184"]
[WhiteTeam "Surprise"]
[BlackTeam "Sportfreunde Katernberg"]
[WhiteFideId "4645944"]
[BlackFideId "12932280"]
[EventDate "2016.06.26"]

1. Nf3 f5 2. c4 Nf6 3. g3 d6 4. Bg2 e5 5. d3 Be7 6. Nc3 O-O 7. O-O Nc6 8. a3 a5
9. Rb1 Qe8 10. e3 Qh5 11. Nh4 Qxd1 12. Rxd1 g5 13. Nf3 Nh5 14. Nd5 Bd8 15. Ne1
Ne7 16. b4 axb4 17. axb4 Nxd5 18. Bxd5+ Kg7 19. b5 Nf6 20. Bg2 Kg6 21. Nc2 e4 1/2-1/2

[Event "World Senior Teams +65"]
[Site "Radebeul GER"]
[Date "2016.06.29"]
[Round "4.17"]
[Board "1"]
[White "Birk, Rainer"]
[Black "Palmo, Pentti"]
[Result "1/2-1/2"]
[WhiteElo "2136"]
[BlackElo "1995"]
[WhiteTeam "Oberlausitz"]
[BlackTeam "Turku"]
[WhiteFideId "4684699"]
[BlackFideId "501905"]
[EventDate "2016.06.26"]

1. Nf3 c5 2. e3 e6 3. d4 d5 4. c4 cxd4 5. exd4 Nf6 6. Nc3 Be7 7. Bd3 dxc4 8.
Bxc4 O-O 9. O-O a6 10. a4 Nc6 11. Be3 Nb4 12. Qb3 Nfd5 13. Rad1 b6 14. Rfe1 Bb7
15. Ne5 Rc8 16. Bc1 Qc7 17. Nxd5 Bxd5 18. Bxd5 Nxd5 19. Qd3 Bb4 20. Rf1 a5 21.
h3 Bd6 22. Rfe1 Qc2 23. Qg3 f6 24. Qg4 Qf5 25. Qxf5 exf5 26. Nf3 1/2-1/2

[Event "World Senior Teams +65"]
[Site "Radebeul GER"]
[Date "2016.06.29"]
[Round "4.17"]
[Board "2"]
[White "Alkkiomaki, Jyrki"]
[Black "Brauer, Christian"]
[Result "0-1"]
[WhiteElo "1973"]
[BlackElo "2102"]
[WhiteTeam "Turku"]
[BlackTeam "Oberlausitz"]
[WhiteFideId "506893"]
[BlackFideId "4610938"]
[EventDate "2016.06.26"]

1. e4 e6 2. d4 d5 3. Nc3 Nf6 4. Bg5 Bb4 5. e5 h6 6. exf6 hxg5 7. fxg7 Rg8 8. h4
gxh4 9. Qh5 Qf6 10. Rxh4 Qxg7 11. Nf3 Nd7 12. O-O-O Nf6 13. Qe5 Bd6 14. Qe1 Bd7
15. Nb5 Bxb5 16. Bxb5+ c6 17. Bf1 O-O-O 18. Kb1 Ne4 19. Rh3 Rh8 20. Ng1 Rdg8 21.
Rxh8 Rxh8 22. Nh3 Kb8 23. a3 c5 24. f3 Ng3 25. dxc5 Bxc5 26. Bd3 Bd6 27. Ka2 Nh5
28. Bf1 Nf6 29. Rd3 Nd7 30. Rd1 Nb6 31. Qa5 Rc8 32. Rc1 Rc5 33. Qd2 Nc4 34. Bxc4
Rxc4 35. Kb1 Rc6 36. c3 Rc4 37. Rc2 Be7 38. b3 Rc8 39. a4 Bf6 40. Kb2 Rd8 41.
Ka2 Rc8 42. Kb2 Rd8 43. Ka2 d4 44. cxd4 Rxd4 45. Qc1 Rd8 46. Qf4+ Be5 47. Qg5
Rd1 0-1

[Event "World Senior Teams +65"]
[Site "Radebeul GER"]
[Date "2016.06.29"]
[Round "4.17"]
[Board "3"]
[White "Selig, Rainer"]
[Black "Rantanen, Veikko"]
[Result "1/2-1/2"]
[WhiteElo "2139"]
[BlackElo "1966"]
[WhiteTeam "Oberlausitz"]
[BlackTeam "Turku"]
[WhiteFideId "24646105"]
[BlackFideId "506770"]
[EventDate "2016.06.26"]

1. d4 Nf6 2. c4 g6 3. Nc3 d5 4. Nf3 Bg7 5. Qb3 dxc4 6. Qxc4 O-O 7. Bf4 c6 8. e3
Nbd7 9. h3 Nb6 10. Qb3 Nbd5 11. Be5 Qb6 12. Bc4 Qxb3 13. Bxb3 Nxc3 14. bxc3 Ne4
15. Rc1 a5 16. Bxg7 Kxg7 17. O-O f6 18. a3 g5 19. Rfd1 a4 20. Ba2 Rd8 21. c4 Rb8
22. c5 g4 23. hxg4 Bxg4 24. Bb1 Ng5 25. Nxg5 fxg5 26. f3 Bd7 27. Bc2 b5 28. cxb6
Rxb6 29. Bxa4 Ra8 30. Bc2 Rxa3 31. e4 Ra2 32. Bb1 Rab2 33. Bd3 R6b4 34. Bf1 Kf6
35. Rc4 h5 36. Rdc1 e6 37. Bd3 Ke7 38. e5 Be8 39. Be4 Rxc4 40. Rxc4 Rb6 41. Kf2
Kd7 42. Kg3 Kc7 43. Kf2 Rb2+ 44. Rc2 Rb3 45. Ra2 Kb7 46. Ke2 Rb6 47. Kd3 Ra6 48.
Rxa6 Kxa6 49. Kc4 Kb6 50. Bh7 Bf7 51. Kb4 h4 52. Kc4 Be8 53. Be4 Bf7 54. Kb4 1/2-1/2

[Event "World Senior Teams +65"]
[Site "Radebeul GER"]
[Date "2016.06.29"]
[Round "4.17"]
[Board "4"]
[White "Lehtosaari, Kalevi"]
[Black "Byhan, Gert"]
[Result "1/2-1/2"]
[WhiteElo "1953"]
[BlackElo "1953"]
[WhiteTeam "Turku"]
[BlackTeam "Oberlausitz"]
[WhiteFideId "501174"]
[BlackFideId "4648200"]
[EventDate "2016.06.26"]

1. c4 Nf6 2. Nc3 e6 3. e4 d5 4. e5 d4 5. exf6 dxc3 6. bxc3 Qxf6 7. d4 c5 8. Nf3
h6 9. Bd3 Nc6 10. Be4 Bd7 11. Rb1 Rb8 12. O-O Bd6 13. Be3 Qe7 14. Qd2 O-O 15.
Rfd1 f5 16. Bc2 cxd4 17. Nxd4 Rfd8 18. Nxf5 Bxh2+ 19. Kxh2 exf5 20. Bf4 Be6 21.
Bd6 Qf7 22. Qe3 Rbc8 23. Bb3 b6 24. c5 Bxb3 25. axb3 bxc5 26. Qxc5 Nb8 27. Qa5
Nc6 28. Qc5 Nb8 1/2-1/2

[Event "World Senior Teams +65"]
[Site "Radebeul GER"]
[Date "2016.06.29"]
[Round "4.18"]
[Board "1"]
[White "Schwier, Manfred"]
[Black "Hajenius, Willem"]
[Result "1-0"]
[WhiteElo "2031"]
[BlackElo "2008"]
[WhiteTeam "Dresdner Springer"]
[BlackTeam "Belgium 2"]
[WhiteFideId "4671988"]
[BlackFideId "201138"]
[EventDate "2016.06.26"]

1. e4 c5 2. Nf3 Nf6 3. Nc3 Nc6 4. Be2 d6 5. d4 cxd4 6. Nxd4 g6 7. O-O Bg7 8. Be3
O-O 9. h3 Bd7 10. Qd2 Rc8 11. a3 a6 12. Rac1 Re8 13. f4 Nxd4 14. Bxd4 Bc6 15.
Qe3 e6 16. Bb6 Qd7 17. Rcd1 Ba4 18. e5 Rxc3 19. Qxc3 Nd5 20. Qa5 Bxc2 21. Rd2
Be4 22. Rd4 f5 23. exf6 Nxf6 24. Rfd1 d5 25. Bc7 Bc2 26. Rc1 Ng4 27. Rd2 Ne3 28.
Rcxc2 Nxc2 29. Rxc2 Rc8 30. Bd3 Bd4+ 31. Kh1 Be3 32. Be5 g5 33. g3 b6 34. Rxc8+
Qxc8 35. Qc3 d4 36. Qc2 1-0

[Event "World Senior Teams +65"]
[Site "Radebeul GER"]
[Date "2016.06.29"]
[Round "4.18"]
[Board "2"]
[White "Van De Wynkele, Herman"]
[Black "Bec, Dietmar"]
[Result "1/2-1/2"]
[WhiteElo "1985"]
[BlackElo "2056"]
[WhiteTeam "Belgium 2"]
[BlackTeam "Dresdner Springer"]
[WhiteFideId "207144"]
[BlackFideId "4629590"]
[EventDate "2016.06.26"]

1. e4 e6 2. d4 d5 3. Nc3 Bb4 4. a3 Bxc3+ 5. bxc3 dxe4 6. f3 Nd7 7. Nh3 e3 8.
Bxe3 b6 9. Bd3 Ngf6 10. Ng5 Bb7 11. O-O Nd5 12. Bd2 Nxc3 13. Nxf7 Nxd1 14. Nxd8
Rxd8 15. Raxd1 Nf6 16. Bf4 Rc8 17. Rfe1 Kf7 18. Re2 a6 19. c4 Rhe8 20. Rde1 g6
21. Kf2 Bc6 22. h4 b5 23. Be5 bxc4 24. Bxc4 Bb5 25. Bxb5 axb5 26. Bxf6 Kxf6 27.
d5 e5 28. f4 e4 29. Rxe4 Rxe4 30. Rxe4 Ra8 31. Re3 Ra4 32. Kf3 h5 33. g3 Rd4 34.
Rc3 Rxd5 35. Ke4 Rd6 36. Rxc7 Ra6 37. Rc3 Ra4+ 38. Kf3 b4 39. axb4 Rxb4 40. Rc6+
Kf5 41. Rc5+ Kf6 42. Re5 Rb3+ 43. Kg2 Rb2+ 44. Kh3 Rd2 45. Re3 Kf7 46. Ra3 Kg7
47. Ra5 Kf7 1/2-1/2